[Event "Gibraltar Masters 9th"]
[Site "Caleta"]
[Date "2011.01.25"]
[Round "1"]
[White "Edouard, Romain"]
[Black "Wohl, Aleksandar H"]
[Result "1-0"]
[WhiteElo "2634"]
[BlackElo "2409"]
[Annotator "Edouard,R"]
[PlyCount "89"]
[EventDate "2011.01.25"]
[EventType "swiss"]
[EventRounds "10"]
[EventCountry "GGB"]
[SourceTitle "CBM 141"]
[Source "ChessBase"]
[SourceDate "2011.03.17"]
[SourceVersion "1"]
[SourceVersionDate "2011.03.17"]
[SourceQuality "1"]

1. e4 e5 2. Nf3 Nc6 3. Bb5 Nge7 {The specialty of Alexander Wohl. We had
played this line barely one month before and I made a draw with difficulty! I
knew that this time I would have to pay more attention to the opening.} 4. Nc3
$5 (4. c3 d5 $5 {was our game in Hastings.}) 4... d6 5. d4 a6 $5 (5... Bd7 {
is the other way, but I believe the text move is stronger.}) 6. Bc4 (6. Be2 $5
{is also possible, but Black will play the same way as in the game, and
remains very solid.}) 6... exd4 7. Nxd4 Nxd4 8. Qxd4 Nc6 9. Qe3 Be7 (9... g6 $5
{was played in Kovacevic-Sokolov where Black quickly blundered. But it could
also be an interesting way to play.}) 10. Bd2 O-O 11. O-O-O Be6 12. Nd5 b5 13.
Be2 Bxd5 $6 {This is just too fast in my opinion and gives me some freedom -
which I used badly, by the way!} ({I think} 13... Re8 {would be more relevant,
for example:} 14. f4 Bf8 15. Qd3) 14. exd5 Ne5 15. f4 Nd7 16. g4 Nb6 17. Qe4
Re8 18. Bd3 g6 {Ok, the last moves were kind of normal. Black wants to create
counterplay with Bf6/Na4, sometimes exchange the knight against the white
squared bishop (...Nc5xd3) and try to be solid on the kingside. I believe
White should be slightly better, but my next move will change the whole
position!} 19. h4 $6 {I wanted just to push the h-pawn and avoid ideas like in
the 19.Qf3 line, and played fast! But this move order has some huge
disadvantages! Immediately after playing I realised about what was suddenly
happening.} (19. Qf3 Na4 $1 (19... Bf6 $2 20. g5 Bg7 21. f5 Be5 22. f6 {
cannot be good for Black.}) 20. g5 f5 $5 {This move is needed to prevent White
from going f5 himself at some point. Now it is not so easy to break Black's
defence, for instance:} 21. h4 (21. gxf6 $6 Bxf6 {would help Black, as it is
not as easy at it looks to attack quickly!}) 21... Bf8 22. b3 Nc5 23. h5 Bg7
24. Qh3 Nxd3+ 25. Qxd3 Qe7 26. Qh3 Kf7 {and Black is still extremely solid!})
19... Bf6 20. Qf3 Na4 (20... Bxb2+ $2 21. Kxb2 Na4+ 22. Ka3 Qf6 23. Rb1 {
just kind of doesn't work for Black.}) 21. b3 Bb2+ $1 {Oops, the small details
I saw a few seconds too late when I went 19.h4. It is always very interesting
to play against players like Mr.Wohl, who are always trying to find the best
move and not caring about drawing lines and so on. In my opinion his rating
doesn't reflect his real strength.} (21... Nb2 22. Rdf1 Nxd3+ 23. Qxd3 Qe7 24.
Re1 Qd7 25. Qf3 {would remain easier for White.}) (21... Nc3 22. Bxc3 Bxc3 23.
Bxb5 axb5 24. Qxc3 Rxa2 25. Kb1 b4 (25... Ra8 $6 26. h5 $16) 26. Qd4 Qa8 27.
Rhe1 {is better for White.}) 22. Kb1 Qf6 $1 23. bxa4 bxa4 24. c3 $5 {Ok, let's
try to play on!} (24. g5 {was my first idea, but} Rab8 {is immediatley a draw.}
(24... Qd4 $4 25. Bb5 $1 $18 {followed by c3 was the trap I had seen! At the
analysis, my opponent (who had missed the 25.Bb5-trick) told me that he would
have preferred to play 24...Qg7 rather than making an immediate draw in such
an interesting position!! Still, having the g5-move included would help White 
(e.g. the pawn is not hanging later, etc.).})) 24... Bxc3 25. Kc2 Bxd2 26. Rxd2
Rab8 27. Rc1 $8 (27. Rb1 $2 Rxb1 28. Kxb1 Qc3 $19) 27... Qd4 $5 (27... Rb2+ 28.
Kd1 a3 $6 (28... Qd4 {would go back into the game.}) 29. Qf2 $1 {Now Black's
queen cannot come in.} Rxd2+ 30. Kxd2 Qb2+ 31. Rc2 Qb4+ 32. Rc3 Qb2+ 33. Bc2 {
would be better for White, as the rook on c3 is perfectly placed to attack
Black's pawn on a3.}) (27... Qb2+ 28. Kd1 Re1+ 29. Kxe1 Qxc1+ 30. Qd1 Qc5 {
was also critical, but I believe I can sac some pawns and get some winning
chances by finding good piece coordination. Here it is very important to
understand the balance between material and activity. The position is much
easier to play for Black.} 31. Kf1 (31. Qf3 Qc1+ 32. Rd1 Qb2 {is unclear.})
31... Qxd5 32. Kf2 $1 Qd4+ 33. Kg2 $1 Qxf4 34. Rf2 {followed by Qf3. Black got
four pawns for the bishop, but White's pieces are very coordinated and the a6/
a4 pawns don't really count like two. I believe only White has winning chances
here.}) 28. Kd1 Rb2 $1 {Just the best for Black in my opinion. The fact my
opponent didn't start 27...Rb2 (followed by 28...Qd4) gave me a hope that he
wouldn't play it, but...} (28... Re3 $2 29. Be2 $1 Qb6 30. Qf2 {is just better
for White. Now it is very difficult for Black to attack, and I will try to
push my pawns on the kingside.}) 29. Rxb2 $8 (29. Qg2 $4 Qxd3 $19) 29... Qxb2 {
Now I am losing the a2-pawn, and the a4-one will be fast! I have to find
counterplay as fast as possible.} 30. f5 $1 {I first thought I had barely no
winning chance here, but in fact Black has to be precise!} (30. Rc2 $2 {
doesn't work because of} Qb1+ 31. Kd2 $4 Qe1#) 30... Qxa2 31. fxg6 hxg6 (31...
fxg6 $5 32. Qf4 $5 {Now the pawn on d5 is not really hanging, because of Qc4.
Still, it is takable...} (32. h5 Qb3+ 33. Kd2 Qb4+ 34. Rc3 Rf8 35. Qe4 Rf2+ 36.
Ke1 Qxc3+ 37. Kxf2 a3 38. hxg6 Qf6+ 39. Ke3 hxg6 {is also kind of holding.})
32... Qxd5 $1 (32... a3 33. Qd4 {and White seems to be better.}) 33. Qc4 Qxc4
34. Rxc4 Re3 35. Kc2 Rh3 36. g5 a3 37. Ra4 h6 {and Black should draw. I guess
I could reach R+B vs R.}) 32. h5 Qb3+ 33. Kd2 Qb2+ (33... a3 34. hxg6 Qb4+ 35.
Rc3 Re7 $8 {I had missed this one also! This is a purely computer position
which I don't understand at all. But it looks like Black is holding easily!} (
35... fxg6 $2 36. Qf6 $18)) 34. Rc2 Qe5 $2 {My opponent starts to lack time
and blunders - though I must admit that I didn't consider it as such a big
mistake during the game...} (34... Qb4+ $1 35. Rc3 a3 36. hxg6 Re7 {check 33...
a3}) 35. Rxc7 $1 Qb2+ 36. Rc2 $2 {Now the position is drawn again!} (36. Bc2 $1
{just wins:} Qd4+ (36... Qb4+ 37. Kc1 $18) 37. Kc1 Qa1+ 38. Bb1 $1 Re1+ 39. Kd2
$18 {Thank you, Rybka!}) 36... Qb4+ 37. Rc3 Rc8 {This was my opponent's idea
to sac this c-pawn in order to get counterplay.} 38. Bc2 (38. Qf6 Rxc3 39. Qxc3
Qxg4 40. hxg6 Qg2+ 41. Kc1 Qxd5 42. gxf7+ Qxf7 {is a draw.}) 38... Qd4+ $2 {
Tempting, but bad!} (38... Rxc3 $1 39. Qxc3 Qxg4 40. hxg6 Qg5+ 41. Ke1 Qxd5 {
is once again a draw.}) (38... gxh5 $5 39. gxh5 a3 40. Qg3+ Kf8 {i}) 39. Rd3
Qc4 $1 (39... Qb4+ $2 40. Kc1 $1 Qe1+ 41. Rd1 Qe5 42. hxg6 $1 Qa1+ (42... fxg6
43. Qd3 $1 $18) 43. Kd2 Qd4+ 44. Ke1 Qb4+ 45. Kf1 $18) (39... Qb2 $2 40. Rc3
$18) 40. Bd1 Re8 $2 {And the last mistake on move 40! Only now did I start to
feel happy.. for nearly the first time in the game!} (40... Qb4+ $1 41. Ke2 Rc4
$1 {was the tough idea to find:} 42. hxg6 fxg6 43. Qf6 Rxg4 {and the engine
only gives a small edge for White, which means that bBack should get a draw.
Unlike the 38...-drawing moves, this one was very hard to find, especially
with 30sec on the clock.}) 41. hxg6 Qb4+ 42. Rc3 Qd4+ (42... fxg6 43. Qf6 Qe4
44. Qxd6 $18) 43. Qd3 Qf4+ 44. Kc2 Qf2+ 45. Qd2 {Phew, tough victory!} 1-0

[Event "Tel Aviv"]
[Site "Tel Aviv"]
[Date "1992.??.??"]
[Round "7"]
[White "Psakhis, Lev"]
[Black "Berkovich, Mark A"]
[Result "1/2-1/2"]
[WhiteElo "2605"]
[BlackElo "2455"]
[Annotator "Ernst,T"]
[PlyCount "50"]
[EventDate "1992.04.??"]
[EventType "tourn"]
[EventRounds "11"]
[EventCountry "ISR"]
[EventCategory "11"]
[SourceTitle "CBM 030"]
[Source "ChessBase"]
[SourceDate "1992.10.01"]
[SourceVersion "1"]
[SourceVersionDate "1992.10.01"]
[SourceQuality "1"]

1. e4 e5 2. Nf3 Nc6 3. Bb5 Bb4 4. c3 Ba5 5. Na3 Bb6 6. Nc4 Nf6 $5 (6... d6 7.
O-O Nge7 8. a4 O-O 9. d3 Be6 10. Nxb6 axb6 11. Ng5 Bc8 12. f4 $1 $16 {Hellers
- Hector, Rilton Cup 1990/91}) 7. d4 Nxe4 8. Nxb6 axb6 9. dxe5 d5 10. exd6 Nxd6
11. Be2 $14 Qf6 12. Bg5 Qg6 13. Bf4 O-O 14. O-O Rd8 15. Bd3 Qh5 16. Ng5 Qxd1
17. Rfxd1 h6 18. Ne4 Ne8 19. Bc4 Bf5 20. Ng3 Bc2 21. Re1 Ra4 22. b3 Raa8 23. h4
Kf8 24. Be2 Ra3 25. Nf1 Rda8 1/2-1/2

[Event "Sao Paulo zt"]
[Site "Sao Paulo"]
[Date "1993.??.??"]
[Round "5"]
[White "Trindade, Sandro Heleno"]
[Black "Braga, Cicero Nogueira"]
[Result "1/2-1/2"]
[WhiteElo "2315"]
[BlackElo "2370"]
[Annotator "Ernst,T"]
[PlyCount "90"]
[EventDate "1993.??.??"]
[EventType "swiss"]
[EventRounds "9"]
[EventCountry "BRA"]
[SourceTitle "CBM 036"]
[Source "ChessBase"]
[SourceDate "1993.10.01"]
[SourceVersion "1"]
[SourceVersionDate "1993.10.01"]
[SourceQuality "1"]

1. e4 {Wedberg} e5 2. Nf3 Nc6 3. Bb5 g6 4. O-O Bg7 5. c3 Nge7 6. d4 exd4 7.
cxd4 d5 8. exd5 Nxd5 9. Re1+ Be6 10. Ng5 (10. Bg5 Qd6 11. Nc3 O-O 12. Ne4 (12.
Qd2 {Wedberg} a6 13. Ne4 Qb4 14. Bxc6 bxc6 15. Rac1 {+/= Chandler-Wedberg,
Amsterdam 1984}) 12... Qb4 13. Bxc6 bxc6 14. Qc1 Rfe8 15. Bd2 Qb6 (15... Qb5
16. Ne5 Bf5 17. Ng3 Ne7 {Gelfand-Dreev/Moscow(GMA)/1989/} 18. b3 $14) 16. Nc5
Bf5 17. Ne5 $14 {Mokry,K-Banas,J/Wien/1988/,Oll-Dreev/URS-56ch/1989/}) 10...
Qd6 $10 11. Nc3 O-O 12. Nxe6 fxe6 13. Be3 Qb4 14. Nxd5 exd5 15. Bxc6 bxc6 16.
Re2 Rab8 (16... Rae8 $5 {Wedberg}) 17. Rc1 Rb6 18. Rc5 Ra6 19. a3 Qb8 20. Bg5
Rb6 21. Rcc2 Qc8 22. Be7 Rf4 23. Bc5 Rb8 (23... Rb7 {Wedberg} 24. Qe1 $40) 24.
Bxa7 Ra8 25. Bc5 Qf5 26. Rcd2 h5 27. Rd3 g5 28. Rde3 h4 29. Re8+ Rxe8 30. Rxe8+
Kh7 31. Qh5+ Bh6 32. Re7+ Kg8 33. Re8+ Kh7 34. Re7+ Kg8 35. Qe8+ Bf8 36. Re5 (
36. Re1 $1 {Wedberg} Rxf2 37. Bxf8 Qxf8 38. Qg6+ Kh8 39. Qh5+ Kg7 40. Qxg5+ Kh7
41. Qxh4+ Kg7 42. Qxf2) 36... Qb1+ 37. Re1 Qc2 38. Re6 $4 (38. Qe6+ {Wedberg}
Kh7 39. Re2 Qb1+ 40. Re1 Qxb2 41. Re2 Qc1+ 42. Re1 Qc2 43. Re2 Qc1+ 44. Re1 Qc2
45. Re2 Qc1+ {1/2-1/2 Trindade,S-Braga,C/Sao Paulo zt (05) 1993}) 38... Kh7 $4
(38... Qxf2+ $19) 39. Re2 Qb1+ 40. Re1 Qxb2 41. Re2 Qc1+ 42. Re1 Qc2 43. Re2
Qc1+ 44. Re1 Qc2 45. Re2 Qc1+ 1/2-1/2

[Event "Interpolis-02"]
[Site "Tilburg"]
[Date "1978.09.09"]
[Round "7"]
[White "Dzindzichashvili, Roman"]
[Black "Larsen, Bent"]
[Result "1/2-1/2"]
[WhiteElo "2550"]
[BlackElo "2620"]
[Annotator "Ftacnik,L"]
[PlyCount "161"]
[EventDate "1978.09.01"]
[EventType "tourn"]
[EventRounds "11"]
[EventCountry "NED"]
[EventCategory "14"]
[SourceTitle "MCL"]
[Source "ChessBase"]
[SourceDate "1999.07.01"]
[SourceVersion "1"]
[SourceVersionDate "1999.07.01"]
[SourceQuality "1"]

1. e4 e5 2. Nf3 Nc6 3. Bb5 Nge7 $5 4. O-O Ng6 (4... g6) 5. d4 (5. c3 d6 6. d4
Bd7 7. Ng5 $5 $14 {Zuckertort-Anderssen 1867}) 5... exd4 6. Nxd4 Bc5 7. Nb3 (7.
Be3 Bxd4 (7... Qf6 $2 8. Nxc6 dxc6 9. Bxc5 cxb5 10. Bd4)) 7... Bb6 (7... Be7 $5
) 8. Nc3 O-O (8... a6) 9. Nd5 d6 10. a4 Be6 11. Be2 (11. a5 $6 Nxa5 $1 12. Nxa5
Bxa5 13. Rxa5 c6 14. Ra3 cxb5 (14... Bxd5)) 11... f5 $5 (11... Na5 12. Nd4) 12.
a5 Bc5 (12... Nxa5 $5 13. Nxa5 Bxa5 14. Rxa5 c6 15. Ra3 (15. Ra4) (15. b4)
15... cxd5 16. exf5 $1 $16 Rxf5 17. Bg4 Re5 18. Bxe6+ Rxe6 19. Qxd5) 13. exf5
Bxf5 (13... Rxf5 $5 14. Bg4 Re5 $1) 14. c3 (14. a6 $142 {/\ 15.c3}) 14... Kh8 (
14... a6 $142 {/\ 15...Be7, e.g.} 15. Nxc5 dxc5 16. Bc4 Kh8 $13) 15. a6 b6 16.
Nd2 $1 Nce5 (16... Be6 17. Ne4 Bxd5 18. Qxd5 Nce7 19. Qd1 $16) 17. b4 c6 $1 18.
bxc5 cxd5 19. cxb6 (19. cxd6 Nf4 20. Ba3 Qg5 21. Bf3 (21. g3 Bh3 22. Re1 Ng2)
21... Bd3 22. Re1 Nh3+ $19) 19... Qxb6 20. Nf3 Nxf3+ 21. Bxf3 Be4 $1 22. Bxe4 (
22. Be2 Qc6 {(/\ Qxc3)}) 22... dxe4 23. Be3 Qc6 24. Qd4 $2 (24. Qa4 $1 {e.g.}
Rfc8 25. Qxc6 Rxc6 26. Rfb1 {/\ Bxa7}) 24... Ne7 {(/\ Nf5)} 25. Qa4 $2 Rfc8 26.
Qxc6 Rxc6 27. Rfb1 (27. Rfd1) (27. Bd4 Nc8 {/\ Nb6}) 27... Rxc3 28. Rb7 Nc6 29.
h4 $2 (29. Rc7 $3 Nd4 (29... h6 30. Kf1 {(/\ 31.Bd4)} Rc2 (30... Rc4 31. Rb1
Ne5 32. Rbb7 $16 {x a7}) 31. Rd1 Nb4 32. Rxc2 Nxc2 33. Rxd6 Nxe3+ 34. fxe3 Rf8+
35. Ke2 Rf6) 30. Rxa7) 29... h6 30. Rd1 (30. Rc7 $6 Rc4 31. Rb1 Ne5 32. Rxc4
Nxc4) 30... Rd3 31. Rc1 Rc8 32. Rb2 $5 (32. Bxa7 Nxa7 33. Rxc8+ Nxc8 34. Rb8
Ra3 $10) 32... Ra3 33. Rd2 (33. Rbc2 Rxa6 $10) 33... Ne7 $1 (33... Rxa6 34.
Rxd6 Kh7 35. g3) 34. Rxc8+ Nxc8 35. Rc2 Nb6 36. Rc7 $2 (36. Rc6) (36. Bxb6 axb6
37. Rc6 Rxa6 38. Rxd6) 36... Rxa6 37. Bd4 Nd5 $1 38. Bxg7+ (38. Rxg7 $2 Ra4 39.
Bb2 Ra2 {/\} (39... Rb4 40. Ba1 Rb1+) 40. Bd4 Rd2) 38... Kh7 39. Rd7 Kg6 40.
Bd4 Nf6 41. Rxa7 Rxa7 42. Bxa7 Kh5 43. Be3 Ng8 44. Bf4 d5 45. f3 $1 exf3 46.
gxf3 Ne7 (46... Kxh4 47. Kf2 {/\ Ke3, Kd4}) 47. Kg2 Nf5 48. Kh3 d4 (48... Nxh4
49. Bxh6 $10) 49. Bc1 $4 (49. Bd2 $1 Nxh4 50. Kg3 Nf5+ 51. Kf4 Kg6 52. Ke4 h5
53. Be1) 49... d3 $4 (49... Nxh4 50. Kg3 Ng6 $1) 50. Kg2 $8 Nd6 51. Kf2 Nc4 52.
Bf4 Kg6 53. Ke1 h5 54. Bg5 Kf5 55. Bh6 Ke5 56. Bg5 Kd4 57. Kd1 Kd5 (57... Kc3
58. Bf6+) (57... Ne5 58. Bf6 $1 {/\ Be5=}) 58. Bf4 Kc5 59. Ke1 Kd4 60. Bg5 Kc3
61. Kd1 Nd6 (61... d2 62. Ke2 Kc2 63. Bxd2 Nxd2 64. Ke3 $1 $10) 62. Bf6+ Kc4
63. Ke1 Nf5 64. Kd2 Ng3 65. Bg5 Ne2 {/\ Nd4, Ng1} 66. Be3 $1 Nc3 67. Bg5 Nd5
68. Bh6 Ne7 69. Bg5 Nc6 70. Bf6 Na5 71. Ke3 Nb3 72. Bg7 Nc5 73. Kd2 Ne6 74. Be5
Nf8 75. Bg7 Ng6 76. Bf6 Nf4 77. Be5 Nd5 78. Bg7 Ne7 79. Be5 Nf5 80. Bf6 Ng3 81.
Bg5 1/2-1/2

[Event "Ashdod op"]
[Site "Ashdod"]
[Date "2004.12.14"]
[Round "7.1"]
[White "Erenburg, Sergey"]
[Black "Gofshtein, Leonid D"]
[Result "1/2-1/2"]
[WhiteElo "2537"]
[BlackElo "2534"]
[Annotator "Gofshtein,L"]
[PlyCount "55"]
[EventDate "2004.12.09"]
[EventType "swiss"]
[EventRounds "9"]
[EventCountry "ISR"]
[SourceTitle "CBM 103 Extra"]
[Source "ChessBase"]
[SourceDate "2005.01.01"]
[SourceVersion "1"]
[SourceVersionDate "2005.01.01"]
[SourceQuality "1"]

1. e4 e5 2. Nf3 Nc6 3. Bb5 Nge7 (3... g6 4. O-O Bg7 5. c3 Nge7 6. d4 a6 7. Bc4
d6 8. dxe5 dxe5 9. Qe2 O-O 10. Rd1 Qe8 11. Nbd2 Nd8 $132 {0-1 Toth,J-Kovacs,L/
Hungary 1995/EXT 97 (47)}) 4. O-O {White also has other moves in this position:
4.c3 and 4.d4. After 4.c3 as was in my game against Rechlis black gets a fine
counterplay after 4...g6 5.d4 ed 6cd a6 7.Ba4 b5. There are also two other
interesting games on this theme Baklan-Benjamin} (4. c3) (4. c3 d6 $5 (4... g6
5. d4 exd4 6. cxd4 a6 7. Ba4 b5 8. Bb3 Bg7 9. Nc3 d6 10. a4 b4 11. Nd5 h6 12.
Be3 Na5 $132 {1-0 Rechlis,G-Gofshtein,L/Israel 2003/EXT 2004 (40)}) 5. d4 Bd7
6. Bc4 Na5 7. Be2 Nac6 8. dxe5 dxe5 9. Bc4 Nc8 10. O-O Be7 11. Nbd2 O-O 12. Bd5
Nd6 13. Qe2 Bf6 14. Nc4 (14. Rd1 Ne7 15. Bb3 $14 {1/2-1/2 Baklan,V-Benjamin,J/
Moscow 2001/CBM 086 (67)}) 14... Nxc4 15. Bxc4 Qe7 16. Be3 Na5 17. Bd3 $14 {
1/2-1/2 Baklan,V-Benjamin,J/Moscow 2001/CBM 086 (44)}) (4. d4 exd4 5. Nxd4 Ng6
6. O-O Bc5 (6... Bc5 7. Be3 Nxd4 8. Bxd4 Bxd4 9. Qxd4 Qg5 10. Be2 Nf4 11. Bf3
Qxg2+ 12. Bxg2 Ne2+ 13. Kh1 Nxd4 $17 {0-1 Ascic,P-Klaric,Z/Medulin 1997/EXT
2000 (40)})) 4... g6 5. c3 a6 6. Ba4 Bg7 7. d4 exd4 8. cxd4 O-O 9. d5 {Another
possible move in this position is 9.Nc3 which also allows black a fine
counterplay} (9. Nc3 b5 10. Bb3 Na5 11. Bc2 d6 12. h3 c5 13. Bg5 Nac6 14. Nd5
f6 15. Nxe7+ Qxe7 $132 {1-0 Vasiesiu,D-Mozes,E/Timisu de Sus 1998/EXT 2000 (34)
}) 9... b5 $5 {This is black's main idea. 9...Na5 was also met} (9... Na5 10.
Nc3 d6 11. Bc2 Bg4 12. h3 Bxf3 13. Qxf3 Nc4 14. Qe2 Ne5 15. Bd2 f5 16. f4 Nd7
$132 {1/2-1/2 Fogarasi,T-Varga,Z/Gyula 1998/CBM 063 ext (24)}) 10. Bb3 (10. Bc2
Na5 11. Nc3 (11. a4 b4 12. Nbd2 d6 13. Re1 c6 14. Nb3 Nxb3 15. Bxb3 Bg4 16. Bg5
c5 $132 {0-1 Kupreichik,V-Arkhipov,S/Muenster 1991/EXT 97 (47)}) 11... d6 12.
Nd4 (12. Rb1 c5 13. h3 h6 14. Re1 Nc4 15. Ne2 Kh7 $132 {1-0 Fercec,N-Krstic,U/
Bizovac 2004/CBM 098 ext (27)}) (12. Re1 Nc4 (12... Bb7 13. Nd4 c5 14. dxc6
Nexc6 15. Nxc6 Bxc6 16. Nd5 Rc8 17. Bb3 Nc4 18. Rb1 Re8 19. Bxc4 bxc4 20. Bd2
Bxd5 $11 {0-1 Fusthy,Z-Mozes,E/Hungary 1994/TD (44)}) 13. Nd4 Bd7 14. Rb1 c5
15. dxc6 Nxc6 16. Nxc6 Bxc6 17. Nd5 Bxd5 18. exd5 Qa5 $132 {0-1 Boudre,J-Murey,
J/Paris 1990/EXT 97 (23)}) 12... Bb7 13. Rb1 c5 14. dxc6 Naxc6 15. Nxc6 Nxc6
16. Be3 Rc8 17. a4 Nb4 18. Bb3 bxa4 19. Bxa4 d5 20. exd5 Nxd5 $132 {1/2-1/2
Brodsky,M-Murey,J/Rishon Le Ziyyon 1998/CBM 062 ext (54)}) 10... Na5 11. Bd2 $5
$146 {A novelty. After 11.Bc2 black gets a fine game as the next given below
shows} (11. Bc2 d6 12. Nd4 Bb7 13. Nc3 c5 14. dxc6 Nexc6 15. Nxc6 Bxc6 16. Rb1
Nc4 17. Nd5 Rc8 18. b3 Bxd5 19. Qxd5 Nb6 20. Qd3 d5 $11 {1/2-1/2 Garcia,G-Oms
Pallise,J/La Pobla de Lillet 1996/EXT 2002 (29)}) 11... Nxb3 {11...Bb2 looks
rather risky, although it's not clear how black loses after this move} (11...
Bxb2 $5 12. Bxa5 Bxa1 13. d6 (13. Qc1 d6 14. Nc3 Bxc3) 13... Nc6 14. dxc7 Qf6
15. Bd2) 12. Qxb3 d6 13. Bc3 c5 $1 {A strong defensive move. This way black
gets rid of the retarted pawn c7} 14. dxc6 {In case of 14.Bg7 white only has a
slight advantage} (14. Bxg7 Kxg7 15. Nbd2 f6 $132) 14... Be6 $5 {An important
intermidiate move. Black finishes his development} 15. Qa3 (15. Qc2 Rc8 16.
Bxg7 Kxg7 17. Nd4 Bd7 18. Nc3 Nxc6 $14) 15... Nxc6 $5 {Black sacrifices a pawn,
hoping to recieve enough compensation for the pawn} (15... Bxc3 16. Qxc3 (16.
Nxc3 Nxc6) 16... Rc8 17. Nd4 Bd7) 16. Bxg7 Kxg7 17. Qc3+ Ne5 18. Nxe5 dxe5 19.
Qxe5+ Qf6 20. Qxf6+ Kxf6 {After a serie of forced moves the game reached a
position where the activity of his pieces compensates the loss of a pawn} 21.
Nc3 Rfd8 {[%cal Rd8d2,Re6a2]} 22. Rad1 b4 {Forcing white to go for a double
rook ending} 23. Nd5+ Bxd5 24. exd5 Rac8 {[%cal Rc8c2]} 25. Rd2 {Defending
against the threat of invasion} Rc5 26. Rfd1 Ke7 $5 {Bringing the king and
blocking the opponent's passed pawn} 27. f4 Kd6 28. Kf2 {White offered a draw
because of the variation 28...Rb8 29.Ke3 Rb5 and black captures the d-pawn and
reaches an equality} 1/2-1/2